000 00412nam a2200181Ia 4500
001 25107
005 20260414151128.0
008 260414t2007||||xx |||||||||||||| ||spa||
041 _aESP
082 _a346.2
_bL49
100 _aLerena, María Eugenia
_eAUT
245 0 _aMatrimonio
_b
260 _c2007
300 _a636 páginas :
_c23 cm.
650 _aDER
654 _aCDE
942 _cLIB
_dJUS
_fJUS
_2ddc
_n
999 _c25107
_d25107